000 01097cam a2200349 a 4500
008
020 _a9781473902473 (pbk.)
049 _aMAIN
090 _aR834
_bGOP
100 1 _aGopee, Neil.
245 1 0 _aMentoring and supervision in healthcare /
_cNeil Gopee.
250 _a3rd ed.
260 _aLondon :
_bSAGE,
_c2015.
300 _axiii, 284 p. :
_bill. ;
_c25 cm.
500 _aIncludes index.
504 _aIncludes bibliographical references.
650 0 _aMentoring in medicine.
650 0 _aMentoring in nursing.
650 0 _aMentoring
_xStudy and teaching.
650 0 _aMedical personnel
_xSupervision of.
650 0 _aPublic health personnel
_xSupervision of.
650 1 2 _aPersonnel Management
_xmethods.
650 2 2 _aClinical Competence.
650 2 2 _aHealth Personnel
_xorganization & administration.
650 2 2 _aInterprofessional Relations.
650 2 2 _aMentors
_xeducation.
907 _a.b1038408x
_b26-09-17
_c26-09-17
003
005 20230120204223.0
040 _cNUST
942 _cBOOKS
_kR834
_mGOP
999 _c119297
_d119297